000 01036cam a2200289 i 4500
999 _c46231
_d46231
001 46231
003 Mx-PuUPA
005 20210527142933.0
008 140415s2003 mx a r 000 0 spa d
020 _a9701028503
040 _aMx-PuUPA
_bspa
_cMx-PuUPA
_dMx-PuUPA
_erda
041 0 _aspa
100 1 _aGurrola Martínez, Beatríz,
_eautor
_98444
245 1 0 _aManual de anestesia odontológica /
_cBeatriz Gurrola Martínez, María del Carmen Ortega Espinosa, Tomás Zepeda Muñoz [y otro]
250 _aPrimera edición
264 4 _aMéxico, D.F. :
_bMcGraw-Hill Interamericana Editores,
_c©2001
300 _avii, 150 páginas :
_bilustraciones ;
_c23 cm.
336 _atexto
_2rdacontent
_btxt
337 _asin medio
_2rdamedia
_bn
338 _2rdacarrier
_avolumen
_bnc
650 1 4 _aAnestesia en odontología
700 1 _aOrtega Espinosa, María del Carmen,
_eautor
700 1 _aZepeda Muñoz, Tomás,
_eautor
942 _2ddc
_cLI
_h617.9676
_iM266